000
00272nam a22001217a 4500
008
180208b xxu||||| |||| 00| 0 eng d
041
_a
eng
080
_a
33
100
_a
52
101
_a
ECO
245
_a
ESSAYS ON THE POLITICAL ECONOMY
_c
JAMES.M.B
942
_2
udc
_c
BK
999
_c
42174
_d
42174